World agriculture : (Record no. 33977)

MARC details
000 -LEADER
fixed length control field 01553cam a22003977a 4500
001 - CONTROL NUMBER
control field 13463888
003 - CONTROL NUMBER IDENTIFIER
control field OSt
005 - DATE AND TIME OF LATEST TRANSACTION
control field 20220330155812.0
008 - FIXED-LENGTH DATA ELEMENTS--GENERAL INFORMATION
fixed length control field 040121s2003 enka bs 00| 0 eng d
010 ## - LIBRARY OF CONGRESS CONTROL NUMBER
LC control number 2004268402
020 ## - INTERNATIONAL STANDARD BOOK NUMBER
International Standard Book Number 9251048355 (FAO pbk.)
020 ## - INTERNATIONAL STANDARD BOOK NUMBER
International Standard Book Number 1844070085 (Earthscan hbk.)
020 ## - INTERNATIONAL STANDARD BOOK NUMBER
International Standard Book Number 1844070077 (Earthscan pbk.)
035 ## - SYSTEM CONTROL NUMBER
System control number (DLC)13463888
040 ## - CATALOGING SOURCE
Original cataloging agency OSU
Transcribing agency HU
Modifying agency DLC
042 ## - AUTHENTICATION CODE
Authentication code lccopycat
050 00 - LIBRARY OF CONGRESS CALL NUMBER
Classification number HD1415
Item number .W56 2003
082 00 - DEWEY DECIMAL CLASSIFICATION NUMBER
Classification number 338.1/01/12 WOR 2003
Edition number 22
100 ## - MAIN ENTRY--PERSONAL NAME
Personal name FAO
9 (RLIN) 34704
245 00 - TITLE STATEMENT
Title World agriculture :
Remainder of title towards 2015/2030 : an FAO perspective /
Statement of responsibility, etc. edited by Jelle Bruinsma.
260 ## - PUBLICATION, DISTRIBUTION, ETC.
Place of publication, distribution, etc. London :
Name of publisher, distributor, etc. Earthscan Publications,
Date of publication, distribution, etc. 2003.
300 ## - PHYSICAL DESCRIPTION
Extent xii, 432 p. :
Other physical details col. ill. ;
Dimensions 30 cm.
504 ## - BIBLIOGRAPHY, ETC. NOTE
Bibliography, etc. note Includes bibliographical references (p. 409-429).
583 ## - ACTION NOTE
Action cat
Time/date of action 20030425
Action agent rh
Institution to which field applies UPB
610 20 - SUBJECT ADDED ENTRY--CORPORATE NAME
Corporate name or jurisdiction name as entry element Food and Agriculture Organization of the United Nations.
9 (RLIN) 12716
650 #0 - SUBJECT ADDED ENTRY--TOPICAL TERM
Topical term or geographic name entry element Agriculture
General subdivision Economic aspects
-- Forecasting.
9 (RLIN) 34705
650 #0 - SUBJECT ADDED ENTRY--TOPICAL TERM
Topical term or geographic name entry element Food industry and trade
General subdivision Forecasting.
9 (RLIN) 34706
650 #0 - SUBJECT ADDED ENTRY--TOPICAL TERM
Topical term or geographic name entry element Food supply
General subdivision Forecasting.
9 (RLIN) 34707
650 #0 - SUBJECT ADDED ENTRY--TOPICAL TERM
Topical term or geographic name entry element Produce trade
General subdivision Forecasting.
9 (RLIN) 34708
700 1# - ADDED ENTRY--PERSONAL NAME
Personal name Bruinsma, Jelle.
9 (RLIN) 34709
710 2# - ADDED ENTRY--CORPORATE NAME
Corporate name or jurisdiction name as entry element Food and Agriculture Organization of the United Nations.
9 (RLIN) 12716
906 ## - LOCAL DATA ELEMENT F, LDF (RLIN)
a 7
b cbc
c copycat
d 3
e ncip
f 20
g y-gencatlg
942 ## - ADDED ENTRY ELEMENTS (KOHA)
Source of classification or shelving scheme Dewey Decimal Classification
Koha item type Books like text book referance book
Suppress in OPAC No
Holdings
Withdrawn status Lost status Source of classification or shelving scheme Damaged status Not for loan Collection code Home library Current library Shelving location Date acquired Total Checkouts Full call number Barcode Date last seen Copy number Price effective from Koha item type
    Dewey Decimal Classification     Reference Wondo Genet Library Wondo Genet Library General Stacks 03/30/2022   338.1/01/12 WOR 2003 WGCFNRL00015297 03/30/2022 1 03/30/2022 Books like text book referance book